| 000 | 01029nmm a2200337 a 4500 | ||
|---|---|---|---|
| 001 | ocm0001061950 | ||
| 003 | TR-IsHL | ||
| 005 | 20201028151224.0 | ||
| 008 | 150709s2010 tu tur | ||
| 007 | cr cn | ||
| 020 | _a9786056115400 | ||
| 035 |
_a1061950 _b(N$T) |
||
| 050 | 0 | 4 |
_aGR280 _b.U97 2010 |
| 090 | 0 | 4 |
_aGR280 _b.U97 2010 |
| 100 | 1 | _aUysal, R. Selçuk | |
| 245 | 1 | 0 |
_aMusıki edebiyatı _h[electronic resource] / _cR. Selçuk Uysal |
| 250 | _a2.baskı | ||
| 260 |
_aİstanbul : _bDoğu Kitabevi, _c2010 |
||
| 300 | _a317 p. | ||
| 500 |
_aKaynakça (s. 311-314) var. _x |
||
| 650 | 4 | _aMüzik | |
| 650 | 4 | _aMusic | |
| 650 | 0 |
_aHalk müziği _xTürkiye |
|
| 650 | 0 |
_aFolk music _xTurkey |
|
| 650 | 0 |
_aHalkbilim _xTürkiye |
|
| 650 | 0 |
_aFolklore _xTurkey |
|
| 650 | 0 | _aHalk edebiyatı, Türk | |
| 650 | 0 | _aFolk literature, Turkish | |
| 650 | 7 |
_aSOCIAL SCIENCE / Folklore & Mythology _2bisacsh |
|
| 856 | 4 | 0 | _uhttp://search.ebscohost.com/login.aspx?direct=true&scope=site&db=e011xww&AN=1061950 |
| 999 |
_c10896 _d10896 |
||